000
00183 a2200097 4500
020
_a
9780849912962
041
_a
eng
100
_a
Max Lucado
245
_a
Just Like Jesus
942
_c
BK
999
_c
13651
_d
13651